书目信息 |
| 题名: |
布莱希特戏剧印象记
|
|
| 作者: | 卞之琳 著 | |
| 分册: | ||
| 出版信息: | 合肥 安徽教育出版社 2007 |
|
| 页数: | 110页 | |
| 开本: | 23cm | |
| 丛书名: | 大家经典书系 | |
| 单 册: | ||
| 中图分类: | J805.516 | |
| 科图分类: | ||
| 主题词: | 戏剧 , 艺术评论 | |
| 电子资源: | ||
| ISBN: | 978-7-5336-3714-9 | |
| 000 | 01037oam2 2200313 45 | |
| 001 | 1050782640 | |
| 005 | 20100419095619.01 | |
| 010 | @a978-7-5336-3714-9@dCNY10.50 | |
| 100 | @a20100408d2007 em y0chiy0120 ea | |
| 101 | 0 | @achi |
| 102 | @aCN@b340000 | |
| 105 | @ay z 000yy | |
| 106 | @ar | |
| 200 | 1 | @a布莱希特戏剧印象记@ABu Lai Xi Te Xi Ju Yin Xiang Ji@f卞之琳著@FBian Zhi Lin Zhu |
| 205 | @a2版 | |
| 210 | @a合肥@c安徽教育出版社@d2007 | |
| 215 | @a110页@d23cm | |
| 225 | 2 | @a大家经典书系 |
| 308 | @a大家经典书系卞之琳系列 | |
| 330 | @a本书包括“问题的发生”、“《三分钱歌剧》究竟有多大成就?”、“《措施》失败在什么地方?”、“辩证的发展”等七章。 | |
| 461 | 0 | @12001 @a大家经典书系 |
| 600 | 1 | @a布莱希特@g(Brecht, Bertolt@f1898~1956)@x戏剧@x艺术评论 |
| 600 | 1 | @a布莱希特@g(Brecht, Bertolt@f1898~1956) |
| 606 | 0 | @a戏剧 |
| 606 | 0 | @a艺术评论 |
| 690 | @aJ805.516@v4 | |
| 701 | 0 | @a卞之琳@ABian Zhi Lin@f(1910.12~2000.12)@4著 |
| 801 | 0 | @aCN@bTANGWEI@c20100419 |
| 905 | @b0590425-27@dJ805.516@e75=2@f3 | |
| 布莱希特戏剧印象记/卞之琳著.-2版.-合肥:安徽教育出版社,2007 |
| 110页;23cm.-(大家经典书系) |
| ISBN 978-7-5336-3714-9:CNY10.50 |
| 本书包括“问题的发生”、“《三分钱歌剧》究竟有多大成就?”、“《措施》失败在什么地方?”、“辩证的发展”等七章。 |
| ● |
| 相关链接 |
|
|
|
|
正题名:布莱希特戏剧印象记
索取号:J805.516/75=2
 
预约/预借
| 序号 | 登录号 | 条形码 | 馆藏地/架位号 | 状态 | 备注 |
| 1 | 0590425 | 205904253 | 第一样本阅览室/ [索取号:J805.516/75=2] | 在馆 | |
| 2 | 0590426 | 205904262 | 第一借阅区/ [索取号:J805.516/75=2] | 在馆 | |
| 3 | 0590427 | 205904271 | 第一借阅区/ [索取号:J805.516/75=2] | 在馆 |